000 00747nam a2200253 a 4500
999 _c10708
_d10708
001 10708
003 BD-JhCC
005 20221128134022.0
008 020911s2014 bg 000 0 ben
020 _z9789848964941
035 _a(BD-JhCC)10708
040 _aDLC
_cDLC
_dBD-JhCC
041 _aben
050 0 0 _aMLCMA 2002/01515 (P)
_aPK1730.12.H63
082 _a891.443
_bSOF 2014
100 0 _aছফা, আহমদ
245 1 0 _aশ্রেষ্ঠ উপন্যাস /
_cআহমদ ছফা
260 _aঢাকা :
_bহাওলাদর প্রকাশনী,
_c২০১৪.
300 _a639 P. ;
_c21 cm.
500 _aEssays.
650 _aBengali literature
_xNovel
942 _2ddc
_cBK
_011